00391nam a2200145Ia 4500008004100000020001500041041000800056082001700064100002200081245006500103250000600168260004400174300001300218650001400231210716s2006 xx 000 0 und d a8178812193 aeng a658.802 KAUA aKaushesh, Anshul. aPharmaceutical marketing: emerging trends.bEmerging trends. a1 aHyderabadbICFAI University Pressc2006 aviii,198 aMarketing